[Event "EU-ch U16 Girls 26th"]
[Site "Prague"]
[Date "2016.08.18"]
[Round "1"]
[White "Milovanova, Maria"]
[Black "Vlkova, Anezka"]
[Result "1-0"]
[WhiteElo "2138"]
[BlackElo "1823"]
[PlyCount "59"]
[EventDate "2016.08.18"]
[EventType "swiss"]
[EventRounds "9"]
[EventCountry "CZE"]
[SourceTitle "CBM 174 Extra"]
[Source "ChessBase"]
[SourceDate "2016.10.10"]
[SourceVersion "1"]
[SourceVersionDate "2016.10.10"]
[SourceQuality "1"]

1. e4 c5 2. Nf3 d6 3. Bb5+ Bd7 4. Bxd7+ Qxd7 5. c4 Nc6 6. 0-0 Nf6 7. Nc3 g6 8. d4 cxd4 9. Nxd4 Bg7 10. Re1 0-0 11. Be3 Rac8 12. Rc1 Nxd4 13. Bxd4 Rxc4 14. Bxa7 Rfc8 15. f3 Qc6 16. Be3 b5 17. Qd2 b4 18. Ne2 Qa6 19. b3 Rxc1 20. Rxc1 Rb8 21. Nd4 Nd7 22. Rc7 Nc5 23. Nc6 Bc3 24. Qc2 Ra8 25. Nxe7+ Kf8 26. a4 Ne6 27. Nd5 Bd4 28. Bxd4 Nxd4 29. Qd2 Nxb3 30. Qh6+ 1-0

[Event "Moscow op-B (Women)"]
[Site "Moscow"]
[Date "2016.01.30"]
[Round "1"]
[White "Travkina, Anastasia"]
[Black "Milovanova, Maria"]
[Result "1-0"]
[WhiteElo "2222"]
[BlackElo "1916"]
[PlyCount "107"]
[EventDate "2016.01.30"]
[EventType "swiss"]
[EventRounds "9"]
[EventCountry "RUS"]
[SourceTitle "CBM 170 Extra"]
[Source "ChessBase"]
[SourceDate "2016.02.25"]
[SourceVersion "1"]
[SourceVersionDate "2016.02.25"]
[SourceQuality "1"]

1. e4 c5 2. Nf3 Nc6 3. d4 cxd4 4. Nxd4 e5 5. Nb5 d6 6. N1c3 a6 7. Na3 Be7 8. Nc4 b5 9. Ne3 Nf6 10. Bd3 0-0 11. 0-0 Bb7 12. Ncd5 Nxd5 13. Nxd5 Nd4 14. a4 Rb8 15. axb5 axb5 16. Be3 Bxd5 17. exd5 b4 18. Bxd4 exd4 19. b3 Bf6 20. Qg4 Re8 21. Ra7 Re7 22. Rfa1 Qe8 23. g3 g6 24. h4 h5 25. Qf4 Rxa7 26. Rxa7 Qe5 27. Qxe5 Bxe5 28. Ra6 Bg7 29. Rxd6 Bf8 30. Rd7 Rb6 31. Bc4 Rd6 32. Rb7 Rf6 33. Kg2 Bc5 34. f4 Kg7 35. Kf3 Bf8 36. Ke4 Bc5 37. Rb5 Bb6 38. Rxb4 Ba5 39. Rb7 Be1 40. Kf3 Bc3 41. Bb5 Rd6 42. Bc6 Rd8 43. Rb6 Ba5 44. Rb5 Bc3 45. b4 Kf8 46. Rb7 Kg8 47. b5 Bb4 48. Ra7 Bc5 49. Ra6 Rb8 50. Ke4 Kg7 51. Ra4 Rd8 52. Rxd4 f5+ 53. Kd3 Kf6 54. Kc4 1-0

[Event "RUS-chT U18"]
[Site "St Petersburg"]
[Date "2015.08.09"]
[Round "9.20"]
[White "Milovanova, Maria"]
[Black "Alieva, Alexandra"]
[Result "1-0"]
[WhiteElo "1945"]
[BlackElo "1963"]
[PlyCount "83"]
[EventDate "2015.08.01"]
[EventType "team-swiss"]
[EventRounds "9"]
[EventCountry "RUS"]
[SourceTitle "CBM 167 Extra"]
[Source "ChessBase"]
[SourceDate "2015.09.14"]
[SourceVersion "1"]
[SourceVersionDate "2015.09.14"]
[SourceQuality "1"]
[WhiteTeam "Moscow SSHOR Youth III"]
[BlackTeam "Samara Rook"]
[WhiteTeamCountry "RUS"]
[BlackTeamCountry "RUS"]

1. d4 d5 2. c4 e6 3. Nc3 c6 4. Nf3 dxc4 5. e3 b5 6. a4 Bb4 7. Bd2 a5 8. axb5 Bxc3 9. Bxc3 cxb5 10. b3 Bb7 11. bxc4 b4 12. Bb2 Nf6 13. Bd3 Nbd7 14. 0-0 0-0 15. Nd2 Bc6 16. Bc2 Qc7 17. h3 Ra7 18. e4 e5 19. d5 Bb7 20. f4 exf4 21. Bd4 Ra6 22. Ba4 Nc5 23. Bb5 Raa8 24. e5 Nfd7 25. Qh5 Ba6 26. Bc6 Bb7 27. Bb5 Ba6 28. Rxf4 Bxb5 29. Rh4 h6 30. cxb5 Nd3 31. Ne4 N3xe5 32. d6 Qd8 33. Rf1 f6 34. Ng3 Qe8 35. Qd1 Ng6 36. Re4 Nde5 37. h4 Qxb5 38. Nf5 Rfe8 39. h5 Nf8 40. Ne7+ Kh8 41. Bxe5 fxe5 42. Qb3 1-0

[Event "RUS-chT U18"]
[Site "St Petersburg"]
[Date "2015.08.07"]
[Round "7.32"]
[White "Granovskaya, Ekaterina"]
[Black "Milovanova, Maria"]
[Result "0-1"]
[WhiteElo "1626"]
[BlackElo "1945"]
[PlyCount "64"]
[EventDate "2015.08.01"]
[EventType "team-swiss"]
[EventRounds "9"]
[EventCountry "RUS"]
[SourceTitle "CBM 167 Extra"]
[Source "ChessBase"]
[SourceDate "2015.09.14"]
[SourceVersion "1"]
[SourceVersionDate "2015.09.14"]
[SourceQuality "1"]
[WhiteTeam "Moscow Palace Youth III"]
[BlackTeam "Moscow SSHOR Youth III"]
[WhiteTeamCountry "RUS"]
[BlackTeamCountry "RUS"]

1. e4 c5 2. Nf3 Nc6 3. Bb5 e6 4. Bxc6 bxc6 5. d3 Qc7 6. b3 Ne7 7. e5 Ng6 8. Bb2 Be7 9. Nbd2 0-0 10. 0-0 f6 11. Nc4 fxe5 12. Nfxe5 Nxe5 13. Bxe5 d6 14. Bg3 Rf7 15. Qd2 Bd7 16. Rad1 Rd8 17. c3 h5 18. h4 Bc8 19. Qe2 g6 20. Qe4 Kh7 21. d4 cxd4 22. Rxd4 e5 23. Rd2 Bf5 24. Qe3 Bf8 25. f4 e4 26. Re2 Re7 27. Qd2 d5 28. Ne3 Rdd7 29. Nxf5 gxf5 30. Bf2 c5 31. Rd1 d4 32. cxd4 cxd4 0-1

[Event "RUS-chT U18"]
[Site "St Petersburg"]
[Date "2015.08.02"]
[Round "2.20"]
[White "Kiseleva, Arina"]
[Black "Milovanova, Maria"]
[Result "0-1"]
[WhiteElo "2038"]
[BlackElo "1945"]
[PlyCount "72"]
[EventDate "2015.08.01"]
[EventType "team-swiss"]
[EventRounds "9"]
[EventCountry "RUS"]
[SourceTitle "CBM 167 Extra"]
[Source "ChessBase"]
[SourceDate "2015.09.14"]
[SourceVersion "1"]
[SourceVersionDate "2015.09.14"]
[SourceQuality "1"]
[WhiteTeam "SDYuSShOR SS"]
[BlackTeam "Moscow SSHOR Youth III"]
[WhiteTeamCountry "RUS"]
[BlackTeamCountry "RUS"]

1. d4 Nf6 2. Nf3 e6 3. c4 d5 4. Nc3 Bb4 5. Bg5 dxc4 6. e4 c5 7. dxc5 Qxd1+ 8. Rxd1 Bxc5 9. e5 Nfd7 10. Bxc4 Nc6 11. Ne4 Bb4+ 12. Ke2 0-0 13. Bf4 Nb6 14. Bd3 Nd5 15. Bg3 Rd8 16. a3 Bf8 17. Bc4 b6 18. Bxd5 exd5 19. Nc3 Ba6+ 20. Kd2 d4 21. Ne4 Na5 22. Kc1 Be2 23. Rde1 Rac8+ 24. Kb1 Bd3+ 25. Ka2 Nc4 26. Ned2 Nxb2 27. Kxb2 Rc2+ 28. Ka1 Bxa3 29. Rd1 Bb4 30. Ne1 Bc3+ 31. Kb1 Rb2+ 32. Kc1 Be2 33. Ne4 Bxd1 34. Kxd1 Rb1+ 35. Ke2 d3+ 36. Kf3 d2 0-1

[Event "RUS-chT U18"]
[Site "St Petersburg"]
[Date "2015.08.01"]
[Round "1.44"]
[White "Pankova, Julia"]
[Black "Milovanova, Maria"]
[Result "0-1"]
[WhiteElo "1681"]
[BlackElo "1945"]
[PlyCount "66"]
[EventDate "2015.08.01"]
[EventType "team-swiss"]
[EventRounds "9"]
[EventCountry "RUS"]
[SourceTitle "CBM 167 Extra"]
[Source "ChessBase"]
[SourceDate "2015.09.14"]
[SourceVersion "1"]
[SourceVersionDate "2015.09.14"]
[SourceQuality "1"]
[WhiteTeam "SDYuSShOR SS III"]
[BlackTeam "Moscow SSHOR Youth III"]
[WhiteTeamCountry "RUS"]
[BlackTeamCountry "RUS"]

1. e4 c5 2. Nf3 Nc6 3. d4 cxd4 4. Nxd4 e5 5. Nb5 d6 6. N1c3 a6 7. Na3 Be7 8. Be3 Nf6 9. Nd5 Nxd5 10. exd5 Nb8 11. Bd3 0-0 12. Nc4 Nd7 13. a4 f5 14. f3 b6 15. a5 b5 16. Nb6 Nxb6 17. Bxb6 Qe8 18. 0-0 Bb7 19. c4 bxc4 20. Bxc4 Bf6 21. Qb3 Qe7 22. Rfe1 Rf7 23. Bd3 Qd7 24. Rac1 Rc8 25. Rc2 Bg5 26. Ree2 Rff8 27. Qa2 Qf7 28. Bc4 e4 29. fxe4 fxe4 30. Rf2 Qg6 31. Qb3 Rxf2 32. Rxf2 e3 33. Re2 Qb1+ 0-1

[Event "Moscow Petrosian Memorial op"]
[Site "Moscow"]
[Date "2015.01.12"]
[Round "9"]
[White "Milovanova, Maria"]
[Black "Fedotov, Nikita1111"]
[Result "1/2-1/2"]
[WhiteElo "1879"]
[BlackElo "2117"]
[PlyCount "99"]
[EventDate "2015.01.04"]
[EventType "swiss"]
[EventRounds "9"]
[EventCountry "RUS"]
[SourceTitle "CBM 164 Extra"]
[Source "ChessBase"]
[SourceDate "2015.03.02"]
[SourceVersion "1"]
[SourceVersionDate "2015.03.02"]
[SourceQuality "1"]

1. d4 Nf6 2. c4 g6 3. Nc3 d5 4. cxd5 Nxd5 5. e4 Nxc3 6. bxc3 Bg7 7. Qa4+ Qd7 8. Qb3 0-0 9. Be3 c5 10. d5 Qc7 11. Bc4 Qe5 12. Ne2 Qxe4 13. Bxc5 Qxg2 14. Ng3 Qf3 15. Be3 Be5 16. Be2 Qf6 17. Rc1 Qh4 18. Bf3 Nd7 19. c4 Bf4 20. 0-0 Bc7 21. Bg2 Ne5 22. Bc5 Bh3 23. Bxe7 Qxe7 24. Bxh3 b6 25. Bg2 Rac8 26. Ne4 Bd6 27. f4 Bc5+ 28. Kh1 Nd7 29. Rce1 Qd8 30. f5 f6 31. fxg6 hxg6 32. Qf3 f5 33. Nxc5 Nxc5 34. Qg3 Qf6 35. d6 Rce8 36. Bd5+ Kg7 37. d7 Rxe1 38. Rxe1 f4 39. Qg4 f3 40. Rf1 f2 41. Kg2 Nd3 42. Kh1 Ne5 43. Qe6 Qg5 44. Rxf2 Qc1+ 45. Kg2 Rxf2+ 46. Kxf2 Qd2+ 47. Kf1 Qd1+ 48. Kf2 Qd2+ 49. Kf1 Qd1+ 50. Kf2 1/2-1/2

[Event "Moscow Petrosian Memorial op"]
[Site "Moscow"]
[Date "2015.01.10"]
[Round "7"]
[White "Milovanova, Maria"]
[Black "Payanidi, Janis"]
[Result "0-1"]
[WhiteElo "1879"]
[BlackElo "2167"]
[PlyCount "76"]
[EventDate "2015.01.04"]
[EventType "swiss"]
[EventRounds "9"]
[EventCountry "RUS"]
[SourceTitle "CBM 164 Extra"]
[Source "ChessBase"]
[SourceDate "2015.03.02"]
[SourceVersion "1"]
[SourceVersionDate "2015.03.02"]
[SourceQuality "1"]

1. d4 Nf6 2. c4 e6 3. Nf3 b6 4. g3 Ba6 5. Qc2 c5 6. d5 exd5 7. cxd5 d6 8. Nc3 Nbd7 9. Bg2 Be7 10. 0-0 0-0 11. Rd1 b5 12. e4 b4 13. Ne2 Re8 14. Nf4 Ng4 15. Nd3 Bf6 16. h3 Nge5 17. Ndxe5 Nxe5 18. Nxe5 Bxe5 19. Be3 Qb6 20. Qd2 Rac8 21. f4 Bf6 22. Qf2 Bc4 23. e5 dxe5 24. d6 exf4 25. d7 fxe3 26. Qxe3 Be6 27. dxc8Q Rxc8 28. Rac1 h6 29. Qe2 c4+ 30. Kh2 c3 31. bxc3 bxc3 32. Rc2 Qc5 33. g4 h5 34. Rb1 hxg4 35. hxg4 Qd4 36. Bf3 Qf4+ 37. Kg2 Be5 38. Rh1 Qg3+ 0-1

[Event "Moscow Petrosian Memorial op"]
[Site "Moscow"]
[Date "2015.01.08"]
[Round "5"]
[White "Milovanova, Maria"]
[Black "Popov, Oleg1111"]
[Result "0-1"]
[WhiteElo "1879"]
[BlackElo "2054"]
[PlyCount "78"]
[EventDate "2015.01.04"]
[EventType "swiss"]
[EventRounds "9"]
[EventCountry "RUS"]
[SourceTitle "CBM 164 Extra"]
[Source "ChessBase"]
[SourceDate "2015.03.02"]
[SourceVersion "1"]
[SourceVersionDate "2015.03.02"]
[SourceQuality "1"]

1. d4 d5 2. c4 c6 3. Nf3 Nf6 4. Nc3 a6 5. a4 e6 6. Bg5 Be7 7. e3 0-0 8. cxd5 exd5 9. Bd3 Nbd7 10. Qc2 Re8 11. 0-0 a5 12. Rae1 Nf8 13. h3 Ng6 14. Nd2 Nh5 15. Bxe7 Rxe7 16. Qd1 Nf6 17. f4 Qc7 18. Qf3 Bd7 19. g4 Kh8 20. Qf2 Rae8 21. f5 Nf8 22. e4 dxe4 23. Ndxe4 Nxe4 24. Nxe4 f6 25. g5 fxg5 26. f6 Rf7 27. fxg7+ Rxg7 28. Qxf8+ Rxf8 29. Rxf8+ Rg8 30. Rf7 Qd8 31. Nf6 Rg7 32. Rxd7 Rxd7 33. Re8+ Qxe8 34. Nxe8 Rxd4 35. Bf5 Rxa4 36. b3 Ra2 37. Nd6 b5 38. Bd7 Rd2 39. Bxc6 Rxd6 0-1

[Event "Moscow Petrosian Memorial op"]
[Site "Moscow"]
[Date "2015.??.??"]
[Round "1"]
[White "Milovanova, Maria"]
[Black "Chervonenkis, Boris"]
[Result "1-0"]
[WhiteElo "1879"]
[BlackElo "1538"]
[PlyCount "65"]
[EventDate "2015.01.04"]
[EventType "swiss"]
[EventRounds "9"]
[EventCountry "RUS"]
[SourceTitle "CBM 164 Extra"]
[Source "ChessBase"]
[SourceDate "2015.03.02"]
[SourceVersion "1"]
[SourceVersionDate "2015.03.02"]
[SourceQuality "1"]

1. d4 d5 2. c4 e5 3. dxe5 d4 4. Nf3 Nc6 5. g3 Nge7 6. Bg2 Ng6 7. Bg5 Qd7 8. 0-0 Ngxe5 9. Nxe5 Nxe5 10. Qb3 c5 11. e3 dxe3 12. Qxe3 f6 13. Bf4 Qe7 14. Bxe5 Qxe5 15. Qxe5+ fxe5 16. Re1 Bd6 17. f4 0-0 18. Bd5+ Kh8 19. fxe5 Re8 20. e6 Rb8 21. Nc3 a6 22. Rad1 Be7 23. Rd2 g6 24. Rf2 Kg8 25. Ne4 b5 26. cxb5 axb5 27. Nf6+ Bxf6 28. Rxf6 Bb7 29. Re5 Bxd5 30. Rxd5 Rb6 31. Rxc5 Rbxe6 32. Rxe6 Rxe6 33. Rxb5 1-0

[Event "EU-ch U14 Girls 24th"]
[Site "Batumi"]
[Date "2014.10.20"]
[Round "2"]
[White "Janiashvili, Mariam"]
[Black "Milovanova, Maria"]
[Result "1-0"]
[WhiteElo "1679"]
[BlackElo "1965"]
[PlyCount "67"]
[EventDate "2014.10.19"]
[EventType "swiss"]
[EventRounds "9"]
[EventCountry "GEO"]
[SourceTitle "EXT 2016"]
[Source "ChessBase"]
[SourceDate "2015.10.08"]
[SourceVersion "1"]
[SourceVersionDate "2015.10.08"]
[SourceQuality "1"]

1. d4 Nf6 2. c4 e6 3. Nc3 Bb4 4. e3 0-0 5. Bd3 c5 6. Nge2 cxd4 7. exd4 d5 8. cxd5 Nxd5 9. 0-0 Nc6 10. Nxd5 Qxd5 11. a3 Be7 12. Be3 Rd8 13. Qc2 h6 14. Bh7+ Kh8 15. Be4 Qd7 16. Rfd1 Nb8 17. Rac1 Na6 18. Ng3 Rb8 19. d5 e5 20. Bxa7 Ra8 21. Be3 Bd6 22. Qd2 f6 23. Bxh6 Qg4 24. h3 Qh4 25. Be3 Bd7 26. Qd3 Rab8 27. Rc4 b5 28. Rc2 Kg8 29. Nf5 Bxf5 30. Bxf5 Qa4 31. Rdc1 Nc7 32. Rxc7 Bxc7 33. Rxc7 b4 34. Be6+ 1-0

[Event "Wch U12 Girls"]
[Site "Maribor"]
[Date "2012.11.17"]
[Round "10.14"]
[White "Milovanova, Maria"]
[Black "Rogozenco, Teodora Nana"]
[Result "1-0"]
[WhiteElo "1849"]
[BlackElo "1719"]
[PlyCount "155"]
[EventDate "2012.11.08"]
[EventType "swiss"]
[EventRounds "11"]
[EventCountry "SLO"]
[SourceTitle "EXT 2013"]
[Source "ChessBase"]
[SourceDate "2012.11.22"]
[SourceVersion "1"]
[SourceVersionDate "2012.11.22"]
[SourceQuality "1"]

1. d4 d6 2. e4 Nf6 3. f3 Nbd7 4. Be3 c6 5. Ne2 b5 6. Ng3 a6 7. c4 e5 8. Nc3 Bb7 9. Qb3 Qb6 10. Rd1 Qc7 11. Be2 exd4 12. Bxd4 c5 13. Bxf6 bxc4 14. Bd8 Rxd8 15. Bxc4 Ne5 16. Be2 c4 17. Qc2 Qc5 18. f4 Ng6 19. Qa4+ Bc6 20. Qxc4 Nxf4 21. Qxc5 dxc5 22. Rxd8+ Kxd8 23. Bxa6 Nxg2+ 24. Kf2 Nf4 25. Rd1+ Kc7 26. Bc4 f6 27. Nd5+ Nxd5 28. exd5 Bd7 29. Ne4 Bd6 30. Rg1 g5 31. Kg2 Rf8 32. Nc3 f5 33. a4 Kb6 34. Nb5 Bxb5 35. Bxb5 Rf7 36. Re1 Re7 37. Rxe7 Bxe7 38. Bd3 h5 39. Bxf5 Bd6 40. Bd3 g4 41. h3 gxh3+ 42. Kxh3 Ka5 43. b3 Kb4 44. Kh4 Bc7 45. Bc4 Kc3 46. Kxh5 Kd4 47. Kg6 Ke5 48. Kf7 Kd6 49. Kf6 Bd8+ 50. Kf5 Ba5 51. Ke4 Bb6 52. Bb5 Bc7 53. Bc6 Ba5 54. Kd3 Kc7 55. Kc4 Kb6 56. Bb5 Bb4 57. d6 Kb7 58. Kd5 Kb6 59. Ke6 Be1 60. Ke7 Bh4+ 61. Ke8 Bg5 62. d7 Kc7 63. a5 Bh4 64. a6 Bg5 65. a7 Kb7 66. d8Q Bxd8 67. Kxd8 Kxa7 68. Kc7 Ka8 69. Kc6 Kb8 70. Kxc5 Kc7 71. Ba6 Kb8 72. b4 Kc7 73. b5 Kb8 74. Kc6 Ka8 75. b6 Kb8 76. b7 Ka7 77. Kc7 Kxa6 78. b8Q 1-0

[Event "Wch U12 Girls"]
[Site "Maribor"]
[Date "2012.11.14"]
[Round "7.18"]
[White "Broly, Mathilde"]
[Black "Milovanova, Maria"]
[Result "1-0"]
[WhiteElo "1696"]
[BlackElo "1849"]
[PlyCount "131"]
[EventDate "2012.11.08"]
[EventType "swiss"]
[EventRounds "11"]
[EventCountry "SLO"]
[SourceTitle "EXT 2013"]
[Source "ChessBase"]
[SourceDate "2012.11.22"]
[SourceVersion "1"]
[SourceVersionDate "2012.11.22"]
[SourceQuality "1"]

1. c4 c6 2. g3 d5 3. Bg2 Nf6 4. Nf3 e6 5. 0-0 Nbd7 6. d4 dxc4 7. Qc2 Nb6 8. Na3 Bxa3 9. bxa3 0-0 10. Bb2 Qc7 11. Ne5 c5 12. dxc5 Qxc5 13. Rac1 Nfd5 14. Nxc4 Nxc4 15. Qxc4 Qxc4 16. Rxc4 Nb6 17. Rc7 Rd8 18. Rfc1 h6 19. Bxb7 Bxb7 20. Rxb7 Rd2 21. Be5 Rxe2 22. Bf4 Nd5 23. Bb8 f6 24. Bxa7 Rxa2 25. Bc5 Kh7 26. Re1 e5 27. Rd1 Nc3 28. Rdd7 Rg8 29. Bf8 Kg6 30. Rxg7+ Rxg7 31. Rxg7+ Kf5 32. Rh7 Nd1 33. Bc5 Kg6 34. Ra7 Ra1 35. Kg2 Rc1 36. Rc7 Rc2 37. Bb6 Rd2 38. a4 e4 39. Kf1 Rd3 40. a5 Ra3 41. Ra7 Nc3 42. Re7 Kf5 43. Rh7 Kg6 44. Rc7 Ra1+ 45. Kg2 Nb5 46. Rc6 Rd1 47. a6 Ra1 48. Bd8 Ra2 49. Rxf6+ Kg7 50. Re6 e3 51. Rxe3 Rxa6 52. Be7 Nd4 53. Bb4 Nc2 54. Bc3+ Kg6 55. Re2 Na3 56. Ra2 Ra7 57. Bd4 Ra5 58. Bb6 Rb5 59. Rxa3 Rxb6 60. Ra4 Rf6 61. Ra5 h5 62. h4 Re6 63. Rg5+ Kh6 64. f4 Re2+ 65. Kf3 Ra2 66. Re5 1-0

[Event "Wch U12 Girls"]
[Site "Maribor"]
[Date "2012.11.11"]
[Round "4.28"]
[White "Milovanova, Maria"]
[Black "Wickramasinghe, Dilhara Ishini"]
[Result "1-0"]
[WhiteElo "1849"]
[BlackElo "1589"]
[PlyCount "85"]
[EventDate "2012.11.08"]
[EventType "swiss"]
[EventRounds "11"]
[EventCountry "SLO"]
[SourceTitle "EXT 2013"]
[Source "ChessBase"]
[SourceDate "2012.11.22"]
[SourceVersion "1"]
[SourceVersionDate "2012.11.22"]
[SourceQuality "1"]

1. d4 Nf6 2. c4 g6 3. Nc3 Bg7 4. e4 d6 5. f3 0-0 6. Be3 Nc6 7. Nge2 e5 8. d5 Ne7 9. Qd2 c6 10. Ng3 cxd5 11. cxd5 Ne8 12. Bd3 Bd7 13. 0-0 f5 14. exf5 Nxf5 15. Bg5 Qb6+ 16. Kh1 Nxg3+ 17. hxg3 Nf6 18. g4 Kh8 19. Rac1 Qa5 20. Bb1 b5 21. Rfd1 Rac8 22. Qe3 Qa6 23. Bxf6 Bxf6 24. Qh6 Bg7 25. Qh4 Kg8 26. Bd3 Qb6 27. Ne4 Rxc1 28. Rxc1 a6 29. Qe7 Bc8 30. Qxd6 Qe3 31. Rxc8 Qh6+ 32. Kg1 Qe3+ 33. Nf2 Qe1+ 34. Bf1 Rxc8 35. Qe6+ Kf8 36. Qxc8+ Kf7 37. d6 e4 38. Qd7+ Kf8 39. Qe7+ Kg8 40. Qxe4 Qd2 41. Qe8+ Bf8 42. d7 Kg7 43. d8Q 1-0

[Event "Wch U12 Girls"]
[Site "Maribor"]
[Date "2012.11.08"]
[Round "1.18"]
[White "Dong, Olivia"]
[Black "Milovanova, Maria"]
[Result "0-1"]
[WhiteElo "1487"]
[BlackElo "1849"]
[PlyCount "94"]
[EventDate "2012.11.08"]
[EventType "swiss"]
[EventRounds "11"]
[EventCountry "SLO"]
[SourceTitle "EXT 2013"]
[Source "ChessBase"]
[SourceDate "2012.11.22"]
[SourceVersion "1"]
[SourceVersionDate "2012.11.22"]
[SourceQuality "1"]

1. d4 Nf6 2. c4 e6 3. Nc3 Bb4 4. Nf3 d5 5. Bg5 h6 6. Bxf6 Qxf6 7. Qa4+ Nc6 8. Ne5 0-0 9. Nxc6 Bxc3+ 10. bxc3 Bd7 11. cxd5 exd5 12. Qa5 Qxc6 13. g3 Bg4 14. Bg2 Rae8 15. 0-0 Bxe2 16. Rfc1 Bc4 17. Qxa7 Ra8 18. Qc5 Qxc5 19. dxc5 Bxa2 20. h4 c6 21. Re1 Bc4 22. Rxa8 Rxa8 23. Re7 Ba6 24. Bh3 Kf8 25. Re3 Bc4 26. f4 Ra1+ 27. Kf2 g6 28. Bc8 Ba6 29. f5 gxf5 30. Kg2 Ra2+ 31. Kg1 Ra5 32. Bxf5 Rxc5 33. Kf2 d4 34. Be4 dxe3+ 35. Kxe3 Rxc3+ 36. Kf4 b5 37. Bb1 b4 38. g4 b3 39. Ke5 c5 40. g5 hxg5 41. hxg5 Rc1 42. Bf5 c4 43. g6 fxg6 44. Bxg6 c3 45. Kd4 b2 46. Ke3 c2 47. Kd2 b1Q 0-1

[Event "Pyatigorsk Stavropol op"]
[Site "Pyatigorsk"]
[Date "2012.09.22"]
[Round "4"]
[White "Rudakov, Aleksander"]
[Black "Milovanova, Maria"]
[Result "1-0"]
[WhiteElo "2060"]
[BlackElo "1880"]
[PlyCount "77"]
[EventDate "2012.09.19"]
[EventType "swiss"]
[EventRounds "9"]
[EventCountry "RUS"]
[SourceTitle "EXT 2013"]
[Source "ChessBase"]
[SourceDate "2012.11.22"]
[SourceVersion "1"]
[SourceVersionDate "2012.11.22"]
[SourceQuality "1"]

1. e4 e5 2. Nf3 Nc6 3. Bb5 a6 4. Ba4 Nf6 5. 0-0 Be7 6. Bxc6 dxc6 7. d3 Nd7 8. Nbd2 0-0 9. Nc4 f6 10. Nh4 Nb6 11. Nxb6 cxb6 12. Be3 Be6 13. Qf3 b5 14. Qg3 Qe8 15. f4 exf4 16. Bxf4 Qh5 17. Be3 Rad8 18. Nf5 Bxf5 19. Rxf5 Qf7 20. b3 Bd6 21. Qh3 Qg6 22. Raf1 Rfe8 23. Bb6 Ra8 24. Bd4 Rf8 25. Qh4 Rae8 26. Bb2 c5 27. g3 h6 28. Bxf6 Kh7 29. Bb2 Rxf5 30. Rxf5 Qe6 31. Kg2 c4 32. Qh3 cxd3 33. cxd3 Rc8 34. Rf2 Qe8 35. Qf5+ Kh8 36. Bxg7+ Kxg7 37. Qf6+ Kh7 38. Qxd6 Rc6 39. Qd5 1-0

[Event "EU-ch U12 Girls"]
[Site "Prague"]
[Date "2012.08.25"]
[Round "9"]
[White "Milovanova, Maria"]
[Black "Mutlu, Beste"]
[Result "1-0"]
[WhiteElo "1892"]
[BlackElo "1646"]
[PlyCount "81"]
[EventDate "2012.08.17"]
[EventType "swiss"]
[EventRounds "9"]
[EventCountry "CZE"]
[SourceTitle "CBM 150 Extra"]
[Source "ChessBase"]
[SourceDate "2012.10.19"]
[SourceVersion "1"]
[SourceVersionDate "2012.10.19"]
[SourceQuality "1"]

1. d4 Nf6 2. c4 c5 3. d5 b5 4. Nd2 d6 5. e4 bxc4 6. Bxc4 g6 7. Ne2 Bg7 8. Nc3 0-0 9. 0-0 Nbd7 10. f4 Nb6 11. Be2 Rb8 12. h3 Ne8 13. Nf3 Nc7 14. a4 Nd7 15. Bc4 Na6 16. Re1 Nb4 17. a5 Ba6 18. Bxa6 Nxa6 19. e5 h6 20. Qe2 Nb4 21. Rd1 Kh7 22. Nb5 a6 23. exd6 exd6 24. Nxd6 Nf6 25. Ne4 Rb5 26. Nxf6+ Bxf6 27. Qc4 Rxa5 28. Rxa5 Qxa5 29. f5 Qb5 30. fxg6+ fxg6 31. Qf4 Bd4+ 32. Nxd4 Rxf4 33. Nxb5 Rf5 34. Nc3 Rf8 35. Be3 c4 36. Bc5 Rb8 37. Bxb4 Rxb4 38. d6 Rb8 39. d7 Rd8 40. Ne4 Kg7 41. Nc5 1-0

[Event "EU-ch U12 Girls"]
[Site "Prague"]
[Date "2012.08.23"]
[Round "7"]
[White "Milovanova, Maria"]
[Black "Vrtiakova, Anna"]
[Result "1-0"]
[WhiteElo "1892"]
[BlackElo "1677"]
[PlyCount "123"]
[EventDate "2012.08.17"]
[EventType "swiss"]
[EventRounds "9"]
[EventCountry "CZE"]
[SourceTitle "CBM 150 Extra"]
[Source "ChessBase"]
[SourceDate "2012.10.19"]
[SourceVersion "1"]
[SourceVersionDate "2012.10.19"]
[SourceQuality "1"]

1. d4 Nf6 2. c4 e6 3. Nf3 Bb4+ 4. Bd2 Qe7 5. a3 Bxd2+ 6. Qxd2 0-0 7. Nc3 d6 8. e4 e5 9. d5 a5 10. Be2 Na6 11. b3 Bd7 12. 0-0 Nc5 13. Qc2 Nh5 14. b4 axb4 15. axb4 Na6 16. Qb2 Nf4 17. Ra3 c6 18. dxc6 bxc6 19. Rfa1 Nc7 20. Ra7 Rxa7 21. Rxa7 Nce6 22. b5 cxb5 23. cxb5 Rb8 24. Bf1 Nc5 25. Qa2 Qd8 26. Qa3 Qb6 27. Ra8 Nfe6 28. Qa7 Qxa7 29. Rxa7 Kf8 30. Nd2 Nd4 31. Nc4 Nxb5 32. Nxb5 Bxb5 33. Nxd6 Bxf1 34. Kxf1 f6 35. g3 Rd8 36. Nf5 Rd7 37. Ra8+ Kf7 38. f3 Ne6 39. Ra6 Nd4 40. Nxd4 Rxd4 41. Ke2 Rb4 42. Ra7+ Kf8 43. Rd7 Rb2+ 44. Rd2 Rxd2+ 45. Kxd2 Ke7 46. f4 g6 47. fxe5 fxe5 48. Kc3 Kd6 49. Kb4 Kc6 50. Kc4 Kd6 51. Kb5 Ke6 52. Kc6 Kf6 53. Kd6 Kg5 54. Kxe5 Kg4 55. Kf6 Kh3 56. e5 Kxh2 57. e6 Kxg3 58. e7 h5 59. e8Q h4 60. Qe3+ Kg4 61. Qg5+ Kh3 62. Kxg6 1-0

[Event "Stavropol Region-ch"]
[Site "Kislovodsk"]
[Date "2011.09.15"]
[Round "6"]
[White "Rumiantseva, Ksenia"]
[Black "Milovanova, Maria"]
[Result "1-0"]
[WhiteElo "2007"]
[BlackElo "1886"]
[PlyCount "81"]
[EventDate "2011.09.09"]
[EventType "swiss"]
[EventRounds "9"]
[EventCountry "RUS"]
[SourceTitle "EXT 2022"]
[Source "ChessBase"]
[SourceDate "2021.10.06"]
[SourceVersion "1"]
[SourceVersionDate "2021.10.06"]
[SourceQuality "1"]

1. e4 c5 2. Nf3 Nc6 3. d4 cxd4 4. Nxd4 Qb6 5. Nb3 Nf6 6. Nc3 e6 7. Be3 Qc7 8. a3 a6 9. Be2 Be7 10. 0-0 0-0 11. f4 d6 12. Bf3 Rd8 13. Qe2 Nd7 14. a4 b6 15. Qf2 Bb7 16. Qg3 Nb4 17. Nd4 Bf6 18. Rac1 Nc5 19. Rfd1 d5 20. e5 Be7 21. f5 Kh8 22. Bf4 Qd7 23. fxe6 fxe6 24. Bg4 Rf8 25. Rf1 a5 26. b3 Rac8 27. Qh3 Rc6 28. Nxc6 Bxc6 29. Ne2 Ne4 30. Bxe6 Bc5+ 31. Be3 Qe7 32. Rxf8+ Qxf8 33. Rf1 Qe8 34. Bxc5 bxc5 35. Qf5 g6 36. Qf8+ Qxf8 37. Rxf8+ Kg7 38. Rg8+ Kh6 39. Rc8 Bb7 40. Rc7 Bc6 41. c3 1-0